Budak nakal jatuh sakit

Bibliographic Details
Main Author: Zabri Hazry
Format: Book
Published: Selangor : Penapro Sdn Bhd , 2009
Series:Siri Dengar Nasihat Ibu Bapa
Subjects:

MARC

LEADER 00000cam a2200000 7i4500
001 0000044290
005 20141222.0
008 141222
020 |a 9833974504 
090 0 0 |a JP   |b MAL 
100 1 |a Zabri Hazry 
245 1 0 |a Budak nakal jatuh sakit   |c Zabri Hazry 
260 |a Selangor :   |b Penapro Sdn Bhd ,   |c 2009 
490 1 |a Siri Dengar Nasihat Ibu Bapa 
650 0 |a Children stories   |x Malay 
650 0 |a Didactic fiction 
999 |a 0001320233   |b Book   |c Children Collection   |e Cawangan Taman Universiti 
999 |a 0001320234   |b Book   |c Children Collection   |e Cawangan Bandar Penawar 
999 |a 0001320237   |b Book   |c Children Collection   |e Cawangan Segamat 
999 |a 0001320239   |b Book   |c Children Collection   |e Cawangan Taman Sri Lambak 
999 |a 0001320241   |b Book   |c Children Collection   |e Cawangan Tangkak 
999 |a 0001320242   |b Book   |c Children Collection   |e Cawangan Bukit Gambir 
999 |a 0001320244   |b Book   |c Children Collection   |e Cawangan Mersing 
999 |a 0001320246   |b Book   |c Children Collection   |e Cawangan Tmn. Ungku Tun Aminah 
999 |a 0001320804   |b Book   |c Children Collection   |e Perbadanan Perpustakaan Awam Johor 
999 |a 0001320805   |b Book   |c Children Collection   |e Perbadanan Perpustakaan Awam Johor